000 01049nam a22002897a 4500
003 URS
005 20260223101144.0
008 260223b |||||||| |||| 00| 0 eng d
020 _a9786214092178
040 _aDLC
_beng
_cDLC
_dURS
_erda
050 _aGV 341
_b.P5691 2024
100 _aBallecer, Meynardo L.
245 _aPhysical activity towards health and fitness Pathfit 1:
_bmovement competency training/
_cMeynardo L. Ballecer and four others.-
264 _aMandaluyong City:
_bBooks Atbp. Publishing Corp.,
_c2024.
300 _ax,
_b206 pages: illustrations (black and white) ;
_c26 centimeters.
336 _2rdacontent
_atext
_btxt
337 _2rdamedia
_aunmediated
_bn
338 _2rdacarrier
_avolume
_bnc
504 _aIncludes references.
546 _aIn English text.
650 _2Health and fitness
700 _aDela Cruz, Francis Jose S.
700 _aIgnacio, Rodolfo A. III
700 _aReyes, Mark Dexter L.
700 _aSolmerano, Ernesto Thaddeus M.
942 _2lcc
_cF
_hGV 341
_i.P5691 2024
999 _c98713
_d98710